000 00482cam a2200181 4500
001 D4336
008 090401t1983 xxu||||| |||| 00| 0 eng d
035 _a(Sirsi) u56707
041 _aeng
050 _a333.33
110 _aProperty Advisory Group
_91135
245 4 _aThe climate for public and private partnerships in property development, report by The Group
260 _aLondon
_bHMSO
_c1983
300 _aiv. 7p. 24cm
350 _a0
942 _n0
948 _c04/03/1997
999 _c93827
_d93827